Informacje pogodowe - Statystyki

Ogólne statystyki
  • Ten quiz został rozwiązany 8 razy
  • Średni wynik to 4 z 9
Statystyki odpowiedzi
Odpowiedź % Poprawnych
Temperatura
88%
Ciśnienie
75%
Zachmurzenie
63%
Prędkość wiatru
38%
Kierunek wiatru
25%
Wilgotność
25%
Ilość opadów
13%
Jakość powietrza
13%
Rodzaj opadów
13%
Nie znaleziono quizów pasujących do podanych kryteriów
Rozkład punktacji
Procent ludzi z każdym wynikiem
Percentyl według liczby udzielonych odpowiedzi
Twoja historia wyników
Nie rozwiązałeś tego quizu